Constructive Methods in the Analysis of Nonlinear Systems, Tr from Russian by Ram s Wadhwa (Record no. 8413)

MARC details
000 -LEADER
fixed length control field 00589nam a2200193Ia 4500
003 - CONTROL NUMBER IDENTIFIER
control field IN-BaIIA
008 - FIXED-LENGTH DATA ELEMENTS--GENERAL INFORMATION
fixed length control field 211028s9999 xx 000 0 eng d
040 ## - CATALOGING SOURCE
Transcribing agency IIA Library
080 ## - UNIVERSAL DECIMAL CLASSIFICATION NUMBER
Universal Decimal Classification number 517.94
Item number GRE
100 ## - MAIN ENTRY--PERSONAL NAME
Personal name Grebenikov, E. A.
9 (RLIN) 14099
245 #0 - TITLE STATEMENT
Title Constructive Methods in the Analysis of Nonlinear Systems, Tr from Russian by Ram s Wadhwa
Statement of responsibility, etc. E. A. Grebenikov And YU A. Ryabov
260 ## - PUBLICATION, DISTRIBUTION, ETC.
Place of publication, distribution, etc. Moscow
Name of publisher, distributor, etc. MIR Publishers
Date of publication, distribution, etc. 1983
300 ## - PHYSICAL DESCRIPTION
Extent 328p.
650 ## - SUBJECT ADDED ENTRY--TOPICAL TERM
Topical term or geographic name entry element Chaos
9 (RLIN) 10923
650 ## - SUBJECT ADDED ENTRY--TOPICAL TERM
Topical term or geographic name entry element NASA Thesaurus
650 ## - SUBJECT ADDED ENTRY--TOPICAL TERM
Topical term or geographic name entry element Nonlinear Systems
9 (RLIN) 5363
700 ## - ADDED ENTRY--PERSONAL NAME
Personal name Ryabov, YU A.
9 (RLIN) 14100
942 ## - ADDED ENTRY ELEMENTS (KOHA)
Koha item type Books
Holdings
Withdrawn status Lost status Damaged status Not for loan Home library Current library Shelving location Date acquired Cost, normal purchase price Total Checkouts Full call number Barcode Date last seen Cost, replacement price Price effective from Koha item type Purchase Price
        IIA Library-Bangalore IIA Library-Kodaikanal General Stacks 30/08/1985 14.50   517.94/GRE 9264 05/11/2021 14.50 30/08/1985 Books Rs. 14.50

Powered by Koha